| Поле | Инд. | ПП | Название | Значение |
|---|---|---|---|---|
| Тип записи | m | |||
| Библиографический уровень | m | |||
| 001 | Контрольный номер | f509a4db746e4a3eacef0179da11cffb | ||
| 005 | Дата корректировки | 20241213164617.8 | ||
| 008 | Кодируемые данные | 241216|||||||||ru |||||||||||||||||rus|| | ||
| 020 | a | ISBN | 978-5-907905-15-3 | |
| 040 | a | Служба первич. каталог. | DE | |
| b | Код языка каталог. | rus | ||
| e | Правила каталог. | PSBO | ||
| 084 | a | Индекс другой классификации/Индекс ББК | 81.2Англ-923 | |
| 203 | a | Вид содержания | Текст | |
| c | Тип средства | электронный | ||
| 245 | 10 | a | Заглавие | Практикум по устной речи (английский язык) |
| b | Продолж. заглавия | учеб. пособие для организации практических занятий на 1-2 курсе направления подготовки 44.03.05 "Педагогическое образование с двумя профилями подготовки. Начальное образование. Раннее обучение иностранным языкам" по дисциплине "Практикум по устной и письменной речи", а также для обучающихся других нелингвистических направлений подготовки по дисциплине "Иностранный язык" | ||
| c | Ответственность | Министерство науки и высшего образования Российской Федерации, Федеральное государственное автономное образовательное учреждение высшего образования "Мурманский арктический университет" ; автор-составитель О. В. Саватеева | ||
| h | Физич. носитель | Электронный ресурс | ||
| 260 | a | Место издания | Мурманск | |
| b | Издательство | МАУ | ||
| c | Дата издания | 2024 | ||
| 300 | a | Объем | 132 с. | |
| b | Иллюстрации/ тип воспроизводства | ил. | ||
| 500 | a | Примечание | Электрон. текстовые дан. (1 файл : 2,3 Мб) | |
| 500 | a | Примечание | URL: https://elib.mauniver.ru/2024/U_24_42.pdf | |
| 500 | a | Примечание | Доступ из локальной сети Мурманского арктического университета. - Загл. с титул. экрана | |
| 500 | a | Примечание | Имеется печ. аналог 2024 г. | |
| 504 | a | Библиография | Библиогр.: с. 131 | |
| 520 | 0_ | a | Аннотация | Основная цель учебного пособия – совершенствование навыков устной английской речи. Учебное пособие создано с учетом последних разработок в области методики преподавания иностранных языков. Оно состоит из четырех разделов, каждый из которых включает теоретический материал, вопросы для самоконтроля и практические задания. Данное пособие может быть интересным не только преподавателям и студентам высших учебных заведений, но и всем лицам, изучающим английский язык |
| 583 | x | Служебное примечание | Иностранный язык. ВПО | |
| x | Служебное примечание | Педагогическое образование. ВПО | ||
| x | Служебное примечание | Полнотекстовые документы | ||
| x | Служебное примечание | Труды преподавателей МАУ | ||
| z | Открытое примечание | 44.03.05 | ||
| 650 | 04 | a | Основная рубрика | Английский язык-Устная речь-Учебные издания для высших учебных заведений |
| 653 | 0_ | a | Ключевые слова | Английский язык |
| a | Ключевые слова | Обучение иностранным языкам | ||
| a | Ключевые слова | Педагогическое образование | ||
| a | Ключевые слова | Практикумы | ||
| a | Ключевые слова | Труды преподавателей МАУ | ||
| 700 | 12 | a | Другие авторы | Мурманский арктический университет |
| e | Роль лиц | Издатель | ||
| 700 | 12 | a | Другие авторы | Саватеева О. В. |
| e | Роль лиц | Составитель | ||
| 710 | 12 | a | Организация/ юрисдикция | Мурманский арктический университет |
| 856 | 40 | u | URL | https://elib.mauniver.ru/2024/U_24_42.pdf |
| 901 | t | Тип документа | m | |
| 952 | b | Гриф литературы для ВШ | Рекомендовано Учеб.-метод. советом МАУ | |
| c | Вид литературы | учебное пособие |